Znani ludzie według inicjałów - imiona na "I" - Statystyki

Ogólne statystyki
  • Ten quiz został rozwiązany 173 razy
    172 od ostatniego zresetowania
  • Średni wynik to 8 z 19
Statystyki odpowiedzi
Inicjały Kim jest ta osoba? Odpowiedź % Poprawnych
IN Angielski fizyk, odkrywca zasad dynamiki i prawa powszechnego ciążenia Isaac Newton
83%
IP Polski kompozytor i polityk, premier RP po odzyskaniu niepodległości Ignacy Jan Paderewski
79%
IK Polski biskup i poeta epoki oświecenia, twórca wielu bajek i satyr, Ignacy Krasicki
73%
IS Polska lekkoatletka, trzykrotna mistrzyni olimpijska, jedyna w historii osoba posiadająca rekordy świata na 100, 200 i 400 m Irena Szewińska
72%
Polski farmaceuta, wynalazca lampy naftowej Ignacy Łukasiewicz
70%
IO Polska aktorka, znana z roli Lucy w serialu "Ranczo" czy porucznik Justyny Winnickiej w "Misji Afganistan" Ilona Ostrowska
62%
IJ Polska piosenkarka i aktorka, twórczyni piosenek takich jak "Motylem jestem" czy "Odpływają kawiarenki" Irena Jarocka
58%
IR Chorwacki piłkarz, wicemistrz świata z 2018 r., zawodnik m.in. Sevilli i Barcelony Ivan Rakitić
57%
IC Polska arystokratka, założycielka pierwszego polskiego muzeum Izabela Czartoryska
51%
IB Szwedzka aktorka, znana z ról m.in. w filmach "Joanna d'Arc", "Casablanca" czy "Dr Jekyll i Mr Hyde" Ingrid Bergman
44%
IF Angielski pisarz, twórca postaci Jamesa Bonda Ian Fleming
36%
IZ Włoski siatkarz pochodzenia rosyjskiego, dwukrotny wicemistrz Europy i wicemistrz olimpijski Ivan Zaytsev
18%
IA Brytyjski muzyk, wokalista grupy Jethro Tull Ian Anderson
14%
IT Amerykański koszykarz, dwukrotny mistrz NBA, przez całą karierę związany z Detroit Pistons Isiah Thomas
9%
IE Angielski aktor i DJ, znany z ról w filmach "Ghost Rider 2" czy "Księga dżungli" Idris Elba
7%
IL Australijska aktorka, wystąpiła m.in. w remake'u "Czerwonego świtu" czy w "Transformers: Zemsta upadłych" Isabel Lucas
7%
IM Brytyjski aktor i reżyser, wystąpił w filmach takich jak "Piraci z Karaibów: Na nieznanych wodach" czy "Jack pogromca olbrzymów" Ian McShane
3%
IG Walijski aktor, znany z ról m.in. w "Titanicu", "102 dalmatyńczykach" czy "San Andreas" Ioan Gruffudd
3%
IH Brytyjski aktor, znany z roli Brana Starka w "Grze o tron" Isaac Hempstead-Wright
3%
Nie znaleziono quizów pasujących do podanych kryteriów
Rozkład punktacji
Procent ludzi z każdym wynikiem
Percentyl według liczby udzielonych odpowiedzi
Twoja historia wyników
Nie rozwiązałeś tego quizu od ostatniego zresetowania